A practical guide to obstetrics : (Record no. 97988)
[ view plain ]
| 000 -LEADER | |
|---|---|
| fixed length control field | 00769nam a22002177a 4500 |
| 005 - DATE AND TIME OF LATEST TRANSACTION | |
| control field | 20230306103307.0 |
| 010 ## - LCCN (DPL NO) | |
| LC control number | ENG-114427 ENG-136327 |
| 020 ## - INTERNATIONAL STANDARD BOOK NUMBER | |
| Terms of availability | 850.00 |
| International Standard Book Number | 9789393330086 |
| 035 ## - SYSTEM CONTROL NUMBER | |
| System control number | EN-119859 |
| 037 ## - SOURCE OF ACQUISITION | |
| Source of stock number/acquisition | DBAD/PUB |
| 082 ## - DEWEY DECIMAL CLASSIFICATION NUMBER | |
| Classification number | 618.02 |
| 245 ## - TITLE STATEMENT | |
| Title | A practical guide to obstetrics : |
| Statement of responsibility, etc | edited by Gita Arjun, Lakshmi Seshadri [and] Uma Ram |
| Remainder of title | cost-effective, evidence-based, safe care / |
| 260 ## - PUBLICATION, DISTRIBUTION, ETC. (IMPRINT) | |
| Place of publication, distribution, etc | Hyderabad |
| Name of publisher, distributor, etc | Universities Press (India) pvt ltd |
| Date of publication, distribution, etc | 2013 |
| 270 ## - ADDRESS | |
| Address | 3-6-747/1/A & 3-6-754/1, Himayatnagar |
| City | Hyderabad |
| Postal code | 500029 |
| 300 ## - PHYSICAL DESCRIPTION | |
| Extent | 682p.; |
| Dimensions | 24cm(pbk) |
| Other physical details | ill. |
| 500 ## - GENERAL NOTE | |
| General note | Includes bibliographical references and index |
| 700 ## - ADDED ENTRY--PERSONAL NAME | |
| Personal name | Gita Arjun |
| 700 ## - ADDED ENTRY--PERSONAL NAME | |
| Personal name | Seshadri, Lakshmi |
| 700 ## - ADDED ENTRY--PERSONAL NAME | |
| Personal name | Uma Ram |
| 942 ## - ADDED ENTRY ELEMENTS (KOHA) | |
| Source of classification or shelving scheme | Dewey Decimal Classification |
| Item type | English Books |
| Call number suffix | PRA |
| Classification part | 618.02 |
| Withdrawn status | Lost status | Not for loan | Collection code | Home library | Current library | Date acquired | Source of acquisition | Cost, normal purchase price | Full call number | Barcode | Copy number | Cost, replacement price | Koha item type |
|---|---|---|---|---|---|---|---|---|---|---|---|---|---|
| Not For Loan | Non-fiction | D.B.Act.Division | D.B.Act.Division | 28/10/2015 | DBAD/PUB | 850.00 | 618.2 PRA | EN-97959 | 1 | 850.00 | English Books | ||
| Non-fiction | D.B.Act.Division | Mobile Library | 06/03/2023 | DBAB/PUB | 850.00 | 618.02 PRA | EN-119859 | 1 | English Books |
